[Event "25. Off. Württembergische Seniorenmst."]
[Site "Freudenstadt"]
[Date "2013.07.06"]
[Round "3.7"]
[White "Schmieder, Siegfried"]
[Black "Storkebaum, Karl-Heinrich"]
[Result "1/2-1/2"]
[WhiteElo "1931"]
[BlackElo "1754"]
[PlyCount "103"]
[EventDate "2013.??.??"]
[WhiteTeam "SG Schwäbisch Gmünd 1872 e.V"]
[BlackTeam "SAbt TEC Darmstadt"]

1. e4 c5 2. Nc3 d6 3. f4 g6 4. Nf3 e6 5. Bc4 Bg7 6. d3 Ne7 7. O-O Nbc6 8. Qe1
a6 9. a3 b5 10. Ba2 O-O 11. g4 Nd4 12. Nxd4 Bxd4+ 13. Kh1 f5 14. Ne2 Bg7 15.
gxf5 gxf5 16. Ng3 d5 17. e5 Ng6 18. Qe2 Bb7 19. Kg1 Kf7 20. Be3 Rc8 21. c4 bxc4
22. dxc4 d4 23. Bd2 Qb6 24. Qd3 Rfd8 25. b4 Qc6 26. Rf2 h5 27. Kf1 h4 28. Ne2
Qh1+ 29. Ng1 Qe4 30. Qxe4 fxe4 31. f5 exf5 32. Rxf5+ Ke6 33. Rg5 Kf7 34. Ke2 e3
35. Rf1+ Kg8 36. Rxg6 exd2 37. Kxd2 Rf8 38. Re1 Rf2+ 39. Re2 Rxe2+ 40. Kxe2 Kf7
41. Rb6 Rc7 42. e6+ Ke7 43. Nf3 Bf6 44. Ne1 Be5 45. h3 Bd6 46. Nd3 Bc8 47. bxc5
Bxc5 48. Nxc5 Rxc5 49. Kd3 Ra5 50. Kxd4 Rxa3 51. Bb3 Bxe6 52. Ke5 1/2-1/2

[Event "25. Off. Württembergische Seniorenmst."]
[Site "Freudenstadt"]
[Date "2013.07.06"]
[Round "3.8"]
[White "Lainburg, Viktor"]
[Black "Tepel, Juergen"]
[Result "1-0"]
[WhiteElo "1984"]
[BlackElo "1812"]
[PlyCount "57"]
[EventDate "2013.??.??"]
[WhiteTeam "SC Weisse Dame Ulm e.V."]
[BlackTeam "SK 1929 Jöhlingen"]

1. d4 e6 2. Nf3 f5 3. g3 Nf6 4. Bg2 d5 5. O-O Bd6 6. c4 c6 7. b3 Qe7 8. Bb2 O-O
9. Qc1 b6 10. Ba3 c5 11. Nc3 a6 12. Na4 Nbd7 13. dxc5 bxc5 14. e3 Bb7 15. Rd1
Rfc8 16. Qc2 Rc7 17. cxd5 Nxd5 18. Rac1 Rac8 19. Qe2 N7b6 20. Nxb6 Nxb6 21. Nd2
Bxg2 22. Kxg2 Ra7 23. e4 Qb7 24. f3 Qf7 25. Nc4 Nxc4 26. Rxc4 Bf8 27. b4 Rac7
28. bxc5 Bxc5 29. Rxc5 1-0

[Event "25. Off. Württembergische Seniorenmst."]
[Site "Freudenstadt"]
[Date "2013.07.06"]
[Round "3.9"]
[White "Frank, Werner"]
[Black "Trefzer, Erhard"]
[Result "1-0"]
[WhiteElo "1831"]
[BlackElo "1941"]
[PlyCount "61"]
[EventDate "2013.??.??"]
[WhiteTeam "SG Schwäbisch Gmünd 1872 e.V"]
[BlackTeam "SV Besigheim"]

1. Nf3 Nf6 2. d4 g6 3. c4 Bg7 4. g3 O-O 5. Bg2 c6 6. O-O d6 7. Nc3 Nbd7 8. Qc2
Qc7 9. Rd1 e5 10. e4 Re8 11. dxe5 dxe5 12. h3 b5 13. Be3 b4 14. Ne2 c5 15. a3
Bb7 16. Nd2 a5 17. Nc1 Bf8 18. Nd3 Nh5 19. axb4 axb4 20. Nb3 Ng7 21. Rxa8 Rxa8
22. Qd2 Bc8 23. f4 f6 24. Ndxc5 Nxc5 25. Qd5+ Be6 26. Qxa8 Nxb3 27. Rd8 Qf7 28.
c5 Bc4 29. c6 Bb5 30. c7 Ne6 31. Rxf8+ 1-0

[Event "25. Off. Württembergische Seniorenmst."]
[Site "Freudenstadt"]
[Date "2013.07.06"]
[Round "3.10"]
[White "Sukatsch, Manfred"]
[Black "Cichy, Michael"]
[Result "1-0"]
[WhiteElo "1757"]
[BlackElo "1934"]
[PlyCount "101"]
[EventDate "2013.??.??"]
[WhiteTeam "TSV Schönaich"]
[BlackTeam "SC Braunschweig Gliesmarode v. 1"]

1. c4 Nf6 2. Nf3 e6 3. g3 b6 4. Bg2 Bb7 5. O-O Be7 6. d4 O-O 7. Nc3 Ne4 8. Qc2
Nxc3 9. bxc3 f5 10. Rd1 Be4 11. Qb2 Qc8 12. Nd2 Bxg2 13. Kxg2 Nc6 14. Qc2 Na5
15. Qd3 Qa6 16. f3 d5 17. cxd5 Qxd3 18. exd3 exd5 19. Nb3 Nxb3 20. axb3 a5 21.
Bf4 Bd6 22. Be5 Rfe8 23. f4 Kf7 24. c4 Bxe5 25. dxe5 c5 26. Kf3 Red8 27. Ke3
Ra7 28. Ra2 Rad7 29. Rad2 d4+ 30. Kf3 h5 31. h3 Rh8 32. Re2 Ke6 33. Rg1 g6 34.
g4 hxg4+ 35. hxg4 Rh3+ 36. Rg3 fxg4+ 37. Kxg4 Rxg3+ 38. Kxg3 Kf5 39. Rh2 g5 40.
fxg5 Kxg5 41. Kf3 b5 42. Ke4 bxc4 43. Rg2+ Kh6 44. bxc4 a4 45. e6 Rg7 46. Ra2
Rg3 47. Ra3 Kg7 48. Kd5 Rg5+ 49. Kd6 Kf6 50. Ra1 a3 51. e7 1-0

[Event "25. Off. Württembergische Seniorenmst."]
[Site "Freudenstadt"]
[Date "2013.07.06"]
[Round "3.11"]
[White "Hoeschele, Hans-Ulrich"]
[Black "Woisetschlaeger, Adolf"]
[Result "1/2-1/2"]
[WhiteElo "1915"]
[BlackElo "1723"]
[PlyCount "107"]
[EventDate "2013.??.??"]
[WhiteTeam "Stuttgarter SF 1879"]
[BlackTeam "SC Schwarz-Weiss Zell"]

1. d4 Nf6 2. Nf3 e6 3. g3 d5 4. Bg2 Nbd7 5. O-O Be7 6. Nbd2 O-O 7. c3 c5 8. e3
c4 9. a4 a5 10. b3 cxb3 11. Qxb3 Ra6 12. c4 Rb6 13. Qd3 Bb4 14. c5 Rc6 15. Bb2
b6 16. Ne5 Nxe5 17. dxe5 Nd7 18. cxb6 Nc5 19. Qc2 Bxd2 20. Qxd2 Nb3 21. Qd1
Nxa1 22. Qxa1 Ba6 23. Rd1 Qxb6 24. Bd4 Qc7 25. e4 Rc8 26. Be3 d4 27. Qxd4 Rc4
28. Qd6 Qxd6 29. exd6 Rd8 30. Bf1 Rc6 31. e5 Bxf1 32. Kxf1 f6 33. f4 Rd7 34.
Ke2 Kf7 35. Rb1 Rc4 36. Rb5 Rxa4 37. Bd2 Ra2 38. Rxa5 Rxa5 39. Bxa5 Ra7 40. Bb6
Rb7 41. Bd4 fxe5 42. fxe5 Ke8 43. h4 Rb4 44. Ke3 Rb3+ 45. Kf4 Rb4 46. Ke3 h5
47. Bc5 Rc4 48. Bb6 Kd7 49. Kf3 Kc6 50. Be3 Ra4 51. Bg5 Ra3+ 52. Be3 Rd3 53.
Ke4 Ra3 54. Kf3 1/2-1/2

[Event "25. Off. Württembergische Seniorenmst."]
[Site "Freudenstadt"]
[Date "2013.07.06"]
[Round "3.12"]
[White "Giesen, Dieter"]
[Black "Injac, Petar"]
[Result "0-1"]
[WhiteElo "2195"]
[BlackElo "1849"]
[PlyCount "121"]
[EventDate "2013.??.??"]
[WhiteTeam "SK 1912 Ludwigshafen"]
[BlackTeam "SF 1876 Göppingen"]

1. e4 d6 2. d4 c6 3. Nc3 Nf6 4. h3 Nbd7 5. Be3 Qc7 6. f4 g6 7. Qf3 Nb6 8. Bd3
Bg7 9. Nge2 Be6 10. a4 a5 11. b3 O-O 12. Rd1 Ne8 13. g4 f6 14. f5 Bf7 15. Bf4
Qd7 16. Qe3 Nc7 17. O-O Kh8 18. Bh6 Rg8 19. Bf4 g5 20. Bg3 h6 21. Kh2 Nc8 22.
Ng1 Rb8 23. Nf3 b5 24. e5 Bd5 25. e6 Qe8 26. axb5 Bxf3 27. Qxf3 cxb5 28. Ra1 b4
29. Nd5 Nb5 30. Bf2 Na3 31. Be3 Qd8 32. Qe2 Na7 33. c4 Rb7 34. Bc1 Qb8 35. Bxa3
bxa3 36. Rxa3 Nc6 37. Qf2 Rxb3 38. Rxb3 Qxb3 39. Qe3 Rb8 40. Rf2 a4 41. Bf1 Bf8
42. Qxb3 Rxb3 43. c5 a3 44. Bc4 Rb2 45. Rxb2 axb2 46. Bd3 h5 47. Nc3 Nxd4 48.
Na4 dxc5 49. Nxb2 Nf3+ 50. Kg3 hxg4 51. hxg4 Ne5 52. Be2 Kg8 53. Na4 c4 54. Kf2
Bg7 55. Ke3 Kf8 56. Kd4 Ke8 57. Nc3 Kd8 58. Nd5 Bf8 59. Ne3 Kc7 60. Bxc4 Kc6
61. Be2 {nach weiteren unvollständigen Zügen} 0-1

[Event "25. Off. Württembergische Seniorenmst."]
[Site "Freudenstadt"]
[Date "2013.07.06"]
[Round "3.13"]
[White "Wetjen, Andreas"]
[Black "Klein, Klaus"]
[Result "1-0"]
[WhiteElo "1986"]
[BlackElo "1809"]
[PlyCount "87"]
[EventDate "2013.??.??"]
[WhiteTeam "SK Union Oldenburg"]
[BlackTeam "SF Heidelberg"]

1. e4 c6 2. d4 d5 3. Nc3 dxe4 4. Nxe4 Bf5 5. Ng3 Bg6 6. Nf3 Nd7 7. Bd3 Ngf6 8.
c3 e6 9. O-O Bd6 10. Re1 Bxd3 11. Qxd3 O-O 12. Bd2 Qc7 13. c4 c5 14. Rac1 Rfe8
15. Bc3 Bf4 16. Rc2 e5 17. dxe5 Nxe5 18. Nxe5 Bxe5 19. Bxe5 Rxe5 20. Rd1 Re7
21. Rcd2 Rd7 22. Qe3 Rxd2 23. Qxd2 h6 24. Nf5 Re8 25. Qc3 Qe5 26. Qxe5 Rxe5 27.
Ne3 Re7 28. Kf1 Rd7 29. Rxd7 Nxd7 30. Ke2 Kf8 31. Nf5 h5 32. Nd6 b6 33. Nc8 a6
34. f4 Ke8 35. Kd3 Kd8 36. Nd6 Ke7 37. Nf5+ Kf6 38. Ke4 g6 39. Ne3 Ke6 40. Nd5
f5+ 41. Kd3 a5 42. Kc3 h4 43. Kb3 Nf6 44. Nxf6 1-0

[Event "25. Off. Württembergische Seniorenmst."]
[Site "Freudenstadt"]
[Date "2013.07.06"]
[Round "3.14"]
[White "Schmid, Eugen"]
[Black "Just, Gabriele"]
[Result "1/2-1/2"]
[WhiteElo "1942"]
[BlackElo "1791"]
[PlyCount "42"]
[EventDate "2013.??.??"]
[WhiteTeam "SV Herrenberg e.V."]
[BlackTeam "SG Leipzig"]

1. d4 e6 2. Nf3 f5 3. c4 Nf6 4. g3 Bb4+ 5. Bd2 Qe7 6. a3 Bxd2+ 7. Qxd2 d6 8.
Nc3 O-O 9. Bg2 Nbd7 10. O-O e5 11. dxe5 dxe5 12. e4 fxe4 13. Ng5 Nc5 14. Nd5
Qd8 15. Nxf6+ gxf6 16. Qxd8 Rxd8 17. Nxe4 Nxe4 18. Bxe4 c6 19. Rfd1 Bg4 20. f3
Be6 21. b3 a5 1/2-1/2

[Event "25. Off. Württembergische Seniorenmst."]
[Site "Freudenstadt"]
[Date "2013.07.06"]
[Round "3.15"]
[White "Prill, Gerhard"]
[Black "Gunnarsson, Leif"]
[Result "1-0"]
[WhiteElo "1936"]
[BlackElo "1785"]
[PlyCount "35"]
[EventDate "2013.??.??"]
[WhiteTeam "SC Heitersheim"]
[BlackTeam "Kristallens Schackklubb"]

1. e4 c5 2. Nf3 d6 3. d4 cxd4 4. Nxd4 Nf6 5. Nc3 a6 6. Bc4 g6 7. f3 Bg7 8. Be3
O-O 9. Qd2 b5 10. Bb3 Bb7 11. Bh6 Nbd7 12. h4 Qb6 13. Bxg7 Kxg7 14. h5 Ng8 15.
hxg6 hxg6 16. Nf5+ Kf6 17. Qf4 g5 18. Qh2 1-0

[Event "25. Off. Württembergische Seniorenmst."]
[Site "Freudenstadt"]
[Date "2013.07.06"]
[Round "3.16"]
[White "Just, Joachim"]
[Black "Strenzke, Guenter"]
[Result "1/2-1/2"]
[WhiteElo "1903"]
[BlackElo "1767"]
[PlyCount "74"]
[EventDate "2013.??.??"]
[WhiteTeam "SV Motor Zeitz"]
[BlackTeam "SC Concordia SAbt Palame"]

1. b3 d5 2. Bb2 Bf5 3. e3 Nd7 4. f4 e6 5. Nf3 Ngf6 6. Be2 h6 7. O-O c5 8. Ne5
Be7 9. Qe1 O-O 10. d3 Re8 11. Nd2 Nf8 12. g4 Bh7 13. Ndf3 N6d7 14. Qg3 f6 15.
Nxd7 Nxd7 16. Rae1 Rc8 17. Bd1 Bd6 18. Qg2 b5 19. g5 hxg5 20. fxg5 fxg5 21.
Nxg5 Be5 22. Nf7 Qc7 23. Nxe5 Nxe5 24. Qg3 Ng6 25. Qg5 Qe7 26. Qxe7 Nxe7 27. e4
d4 28. b4 e5 29. bxc5 Rxc5 30. Ba3 Rc6 31. Rf2 Ng6 32. Bg4 Nf4 33. Bc1 Rg6 34.
Bxf4 Rxg4+ 35. Bg3 Rg6 36. Kh1 Rc6 37. Ref1 Bg6 1/2-1/2

[Event "25. Off. Württembergische Seniorenmst."]
[Site "Freudenstadt"]
[Date "2013.07.06"]
[Round "3.17"]
[White "Schulz, Eugen"]
[Black "Abegg, Beat"]
[Result "1/2-1/2"]
[WhiteElo "1604"]
[BlackElo "1902"]
[PlyCount "53"]
[EventDate "2013.??.??"]
[WhiteTeam "SV Bottrop 1921"]

1. e4 c6 2. Nc3 d5 3. Qf3 Nf6 4. h3 dxe4 5. Nxe4 Nbd7 6. d4 Nxe4 7. Qxe4 Nf6 8.
Qd3 g6 9. Nf3 Bg7 10. Bd2 O-O 11. g4 Qc7 12. O-O-O b5 13. Be2 Be6 14. Ne5 Bd5
15. Bf3 Bxf3 16. Qxf3 Nd5 17. Rde1 e6 18. Qa3 a5 19. Qc5 Rfc8 20. Qa3 b4 21.
Qg3 c5 22. dxc5 Qxc5 23. Qd3 a4 24. Kb1 Rc7 25. f4 Rac8 26. Rc1 Bxe5 27. fxe5
1/2-1/2

[Event "25. Off. Württembergische Seniorenmst."]
[Site "Freudenstadt"]
[Date "2013.07.06"]
[Round "3.19"]
[White "Schmid, Hartmut"]
[Black "Foehl, Frithjof"]
[Result "1-0"]
[WhiteElo "2049"]
[BlackElo "1671"]
[PlyCount "73"]
[EventDate "2013.??.??"]
[WhiteTeam "Stuttgarter SF 1879"]
[BlackTeam "SV Oberkochen"]

1. c4 e5 2. Nc3 Bc5 3. e3 Nc6 4. a3 a5 5. Nf3 d6 6. d4 exd4 7. exd4 Ba7 8. Be2
Nf6 9. b4 axb4 10. axb4 Nxb4 11. Nb5 Nc6 12. O-O d5 13. Ne5 Bd7 14. cxd5 Nxd5
15. Nxd7 Qxd7 16. Bg4 f5 17. Bf3 Nce7 18. Nxa7 c6 19. Qb3 O-O 20. Bg5 Kh8 21.
Ra2 h6 22. Bxe7 Nxe7 23. d5 cxd5 24. Rfa1 Rfd8 25. Nb5 Rac8 26. Rd2 Rc5 27. Nd4
Rdc8 28. Rad1 Nc6 29. Qd3 Ne7 30. Qe3 b5 31. Re2 Ng8 32. Ne6 Rc3 33. Qf4 Ne7
34. h3 R3c4 35. Qe5 Nc6 36. Qxf5 d4 37. Be4 1-0

[Event "25. Off. Württembergische Seniorenmst."]
[Site "Freudenstadt"]
[Date "2013.07.06"]
[Round "3.20"]
[White "Abel, Hans-Peter"]
[Black "Kotlar, Alfred"]
[Result "0-1"]
[WhiteElo "1696"]
[BlackElo "1915"]
[PlyCount "110"]
[EventDate "2013.??.??"]
[WhiteTeam "SC Leinfelden"]
[BlackTeam "SK Recklinghausen Altsta"]

1. c4 d5 2. cxd5 Qxd5 3. Nf3 c6 4. g3 Nf6 5. Bg2 e5 6. Nc3 Qa5 7. O-O Bd6 8. d3
O-O 9. Bd2 Qb6 10. Rb1 Re8 11. Qa4 Nbd7 12. Ne4 Nxe4 13. Qxe4 Nf6 14. Qh4 e4
15. Be3 Qd8 16. Nd2 exd3 17. exd3 Be7 18. Qd4 Be6 19. b3 Qxd4 20. Bxd4 Red8 21.
Bxf6 gxf6 22. Nc4 Rxd3 23. Rfd1 Rad8 24. Rxd3 Rxd3 25. Bf1 Rd7 26. Ne3 Rd2 27.
a4 Bc5 28. b4 Bd4 29. b5 c5 30. a5 Ra2 31. Bc4 Rxa5 32. b6 axb6 33. Bxe6 fxe6
34. Rxb6 Bxe3 35. fxe3 c4 36. Rxb7 Rc5 37. Rb2 Kg7 38. Kf2 f5 39. Ke2 Kf6 40.
Rc2 Ke5 41. Kf3 h5 42. h3 c3 43. e4 Kd4 44. exf5 exf5 45. Ke2 Re5+ 46. Kd1 Re3
47. Rf2 Rxg3 48. Rxf5 Rxh3 49. Rf8 h4 50. Rd8+ Ke3 51. Rf8 Rf3 52. Rh8 h3 53.
Kc2 Kf2 54. Rg8 h2 55. Rh8 Kg2 0-1

[Event "25. Off. Württembergische Seniorenmst."]
[Site "Freudenstadt"]
[Date "2013.07.06"]
[Round "4.1"]
[White "Frick, Christoph"]
[Black "Frank, Werner"]
[Result "1-0"]
[WhiteElo "2154"]
[BlackElo "1831"]
[PlyCount "79"]
[EventDate "2013.??.??"]
[WhiteTeam "SV Tübingen 1870 e.V."]
[BlackTeam "SG Schwäbisch Gmünd 1872 e.V"]

1. e4 c6 2. Nc3 g6 3. Nf3 d5 4. h3 Bg7 5. d4 Nf6 6. e5 Ne4 7. Bd3 Nxc3 8. bxc3
c5 9. dxc5 Nc6 10. Qe2 f6 11. e6 O-O 12. O-O Ne5 13. Nd4 Qa5 14. Nb3 Qc7 15. a4
Nxd3 16. cxd3 Qe5 17. Re1 Qxe2 18. Rxe2 f5 19. Nd4 b6 20. Ba3 Bf6 21. Rb1 bxc5
22. Bxc5 Ba6 23. Nb5 d4 24. cxd4 Rfd8 25. Rb4 Bxb5 26. Rxb5 Bxd4 27. Bxe7 Re8
28. Rb7 Rac8 29. Rd7 Bb6 30. Bf6 Rc7 31. Rxc7 Bxc7 32. d4 Rb8 33. g4 f4 34. Kg2
Kf8 35. Rc2 Bd6 36. Kf3 h6 37. h4 Rb3+ 38. Ke4 Rb8 39. g5 Re8 40. Kd5 1-0

[Event "25. Off. Württembergische Seniorenmst."]
[Site "Freudenstadt"]
[Date "2013.07.06"]
[Round "4.2"]
[White "Villing, Dieter"]
[Black "Weinwurm, Wolfgang"]
[Result "1-0"]
[WhiteElo "1999"]
[BlackElo "2113"]
[PlyCount "45"]
[EventDate "2013.??.??"]
[WhiteTeam "SK 1962 Ladenburg"]
[BlackTeam "Ternitz"]

1. d4 Nf6 2. Nc3 g6 3. e4 d6 4. f4 Bg7 5. e5 Nfd7 6. Ne4 O-O 7. Nf3 c5 8. c3
cxd4 9. cxd4 Nb6 10. Be2 Nc6 11. O-O Be6 12. Neg5 Bd5 13. Bd3 f6 14. Nxh7 Kxh7
15. Ng5+ fxg5 16. Qh5+ Kg8 17. Bxg6 Rf7 18. Qh7+ Kf8 19. Bxf7 Bxf7 20. fxg5
dxe5 21. g6 Qxd4+ 22. Kh1 e4 23. Bh6 1-0

[Event "25. Off. Württembergische Seniorenmst."]
[Site "Freudenstadt"]
[Date "2013.07.06"]
[Round "4.3"]
[White "Weisenburger, Horst"]
[Black "Sukatsch, Manfred"]
[Result "1-0"]
[WhiteElo "2048"]
[BlackElo "1757"]
[PlyCount "65"]
[EventDate "2013.??.??"]
[WhiteTeam "SC Böblingen 1975 e.V."]
[BlackTeam "TSV Schönaich"]

1. f4 d5 2. Nf3 Nf6 3. g3 e6 4. Bg2 Bc5 5. d4 Bb6 6. O-O O-O 7. Nc3 c6 8. Kh1
Nbd7 9. Ne5 Ne8 10. e4 f6 11. Nf3 Bc7 12. Re1 Bd6 13. f5 dxe4 14. Nxe4 exf5 15.
Nxd6 Nxd6 16. Bf4 Ne4 17. Kg1 Nb6 18. c3 Nd5 19. Bc1 Re8 20. Qb3 Kh8 21. Nh4 g5
22. Nf3 Re7 23. c4 Nc7 24. Be3 b6 25. Rad1 Bb7 26. a4 Ne8 27. Qc2 Ng7 28. g4 f4
29. Bxf4 Nd6 30. Bg3 Qd7 31. Ne5 Qc8 32. Ng6+ hxg6 33. Rxe7 1-0

[Event "25. Off. Württembergische Seniorenmst."]
[Site "Freudenstadt"]
[Date "2013.07.06"]
[Round "4.4"]
[White "Lainburg, Viktor"]
[Black "Szenetra, Werner"]
[Result "1-0"]
[WhiteElo "1984"]
[BlackElo "2038"]
[PlyCount "87"]
[EventDate "2013.??.??"]
[WhiteTeam "SC Weisse Dame Ulm e.V."]
[BlackTeam "SV Berenbostel"]

1. d4 g6 2. e4 Bg7 3. Nc3 d6 4. Bg5 Nc6 5. Bb5 a6 6. Bxc6+ bxc6 7. Qd2 Rb8 8.
O-O-O Be6 9. Nge2 Rb4 10. Be3 Qb8 11. b3 Nf6 12. Nf4 Bd7 13. Nd3 Rb7 14. Bh6
O-O 15. Bxg7 Kxg7 16. f3 a5 17. Nb2 Qa7 18. Rhe1 c5 19. e5 Ng8 20. exd6 cxd6
21. d5 a4 22. Ncxa4 Bxa4 23. Nxa4 Nf6 24. c4 Rfb8 25. Re3 Rb4 26. Qc2 R4b7 27.
Rde1 Kf8 28. R3e2 Re8 29. Qd2 Ng8 30. Nc3 Rc8 31. Nb5 Rxb5 32. cxb5 c4 33. Qc3
Qa3+ 34. Kb1 Rc5 35. Qb2 Qb4 36. Re4 Nf6 37. bxc4 Qxb2+ 38. Kxb2 Nxe4 39. Rxe4
f5 40. Rd4 Ke8 41. a4 Kd7 42. Kb3 Kc8 43. a5 Kb7 44. Rd1 1-0

[Event "25. Off. Württembergische Seniorenmst."]
[Site "Freudenstadt"]
[Date "2013.07.06"]
[Round "4.5"]
[White "Pape, Manfred"]
[Black "Hoeschele, Hans-Ulrich"]
[Result "1/2-1/2"]
[WhiteElo "2087"]
[BlackElo "1915"]
[PlyCount "112"]
[EventDate "2013.??.??"]
[WhiteTeam "SK Bad Harzburg"]
[BlackTeam "Stuttgarter SF 1879"]

1. Nf3 d5 2. g3 c5 3. Bg2 Nc6 4. d3 e6 5. O-O Bd6 6. Nbd2 Nf6 7. Re1 d4 8. Nc4
O-O 9. Nxd6 Qxd6 10. c4 Rb8 11. a3 Re8 12. e3 dxe3 13. fxe3 e5 14. Ng5 Ne7 15.
b4 b6 16. d4 cxd4 17. exd4 Bg4 18. Ne4 Qxd4+ 19. Qxd4 exd4 20. Nd6 Be6 21. Nxe8
Rxe8 22. Bg5 Rd8 23. Rad1 Kf8 24. Bd5 Bxd5 25. Bxf6 gxf6 26. Rxd4 Rd6 27. Red1
f5 28. cxd5 Kg7 29. Rc4 Kf6 30. Rc7 a5 31. b5 Nxd5 32. Rb7 Ke6 33. Kf2 h6 34.
Kf3 h5 35. h3 Kf6 36. Rd4 Ke5 37. Rd2 h4 38. Rxf7 hxg3 39. Re2+ Kd4 40. Rxf5
Kc4 41. h4 Nc3 42. Re3 Nxb5 43. Re4+ Nd4+ 44. Kxg3 Kd3 45. Rfe5 b5 46. h5 b4
47. Re1 b3 48. Rxa5 Ne2+ 49. Rxe2 Kxe2 50. Rb5 Rd3+ 51. Kg4 Kd2 52. h6 Kc2 53.
h7 Rd8 54. Kg5 b2 55. Kg6 b1=Q 56. Rxb1 Kxb1 1/2-1/2

[Event "25. Off. Württembergische Seniorenmst."]
[Site "Freudenstadt"]
[Date "2013.07.06"]
[Round "4.6"]
[White "Injac, Petar"]
[Black "Wetjen, Andreas"]
[Result "0-1"]
[WhiteElo "1849"]
[BlackElo "1986"]
[PlyCount "104"]
[EventDate "2013.??.??"]
[WhiteTeam "SF 1876 Göppingen"]
[BlackTeam "SK Union Oldenburg"]

1. d4 Nf6 2. Bf4 e6 3. e3 c5 4. c3 Nc6 5. Nd2 d5 6. Bd3 Be7 7. Ngf3 Qb6 8. Qc2
c4 9. Be2 Bd7 10. Be5 Rc8 11. Bxf6 Bxf6 12. e4 O-O 13. O-O Qc7 14. Rfe1 Rce8
15. h3 b5 16. e5 Be7 17. Bf1 f5 18. Nh2 f4 19. Be2 Bh4 20. Bh5 Rb8 21. Qd1 Be8
22. Qg4 Bxh5 23. Qxh4 Bg6 24. a3 a5 25. Ng4 b4 26. axb4 axb4 27. Ra2 bxc3 28.
bxc3 Nxd4 29. g3 f3 30. cxd4 c3 31. Qg5 Rb2 32. Rxb2 cxb2 33. Nb1 Rc8 34. Kh2
Qc1 35. Qe7 Re8 36. Qb4 Bxb1 37. Nf6+ gxf6 38. exf6 Qxe1 39. Qxe1 Bg6 40. Qd2
Rb8 41. f7+ Bxf7 42. Qg5+ Kf8 43. Qh6+ Ke8 44. Qxh7 b1=Q 45. Qh8+ Kd7 46. Qf6
Qf5 47. Qh6 Rb2 48. g4 Rxf2+ 49. Kg3 Rg2+ 50. Kh4 Qg6 51. Qf4 f2 52. Qf3 Qh6#
0-1

[Event "25. Off. Württembergische Seniorenmst."]
[Site "Freudenstadt"]
[Date "2013.07.06"]
[Round "4.7"]
[White "Storkebaum, Karl-Heinrich"]
[Black "Spurga, Josef"]
[Result "1-0"]
[WhiteElo "1754"]
[BlackElo "1900"]
[PlyCount "114"]
[EventDate "2013.??.??"]
[WhiteTeam "SAbt TEC Darmstadt"]
[BlackTeam "VfL Sindelfingen"]

1. d4 d5 2. c4 e6 3. Nf3 Nf6 4. a3 a5 5. Nc3 Be7 6. Bf4 c6 7. e3 O-O 8. Bd3
dxc4 9. Bxc4 Nbd7 10. O-O Re8 11. h3 Nf8 12. Rc1 Ng6 13. Bh2 b5 14. Bd3 Bb7 15.
Ne4 Nxe4 16. Bxe4 Rc8 17. Qe2 Bd6 18. Bxd6 Qxd6 19. Rfd1 Qe7 20. Rc5 Rc7 21.
Rdc1 Rec8 22. Qc2 Qd6 23. h4 f5 24. Bd3 Ba6 25. e4 Ne7 26. exf5 Nxf5 27. Bxf5
exf5 28. Qxf5 Rf8 29. Qe5 Qd7 30. d5 Re8 31. Qc3 b4 32. axb4 axb4 33. Qb3 Kh8
34. Rxc6 Ra7 35. Re6 Rc8 36. Rxc8+ Qxc8 37. Qe3 Ra8 38. Re7 Bb5 39. d6 Qg4 40.
Qg5 Qxg5 41. Nxg5 h6 42. Ne6 Ra1+ 43. Kh2 Rd1 44. Rb7 Bc6 45. Rxb4 Rxd6 46.
Rb8+ Kh7 47. Nf4 Rd4 48. Kg3 g6 49. Rb6 Be4 50. b4 Rc4 51. f3 Bf5 52. Rb7+ Kg8
53. b5 Rb4 54. b6 Kf8 55. Nd5 Rb5 56. Nf6 Be6 57. Rb8+ Ke7 1-0

[Event "25. Off. Württembergische Seniorenmst."]
[Site "Freudenstadt"]
[Date "2013.07.06"]
[Round "4.8"]
[White "Woisetschlaeger, Adolf"]
[Black "Prill, Gerhard"]
[Result "1-0"]
[WhiteElo "1723"]
[BlackElo "1936"]
[PlyCount "85"]
[EventDate "2013.??.??"]
[WhiteTeam "SC Schwarz-Weiss Zell"]
[BlackTeam "SC Heitersheim"]

1. c4 e5 2. g3 Nf6 3. Bg2 d5 4. cxd5 Nxd5 5. Nc3 Nb6 6. d3 Be7 7. Nf3 Nc6 8.
O-O O-O 9. Bd2 Be6 10. a3 a5 11. Rc1 f5 12. Be3 f4 13. Bd2 a4 14. Ne4 Nd7 15.
Bc3 Ra6 16. d4 Bf5 17. Nxe5 fxg3 18. hxg3 Ncb8 19. Bb4 Bd6 20. Nxd7 Qxd7 21.
Nc5 Bxc5 22. dxc5 c6 23. Qxd7 Nxd7 24. e4 Be6 25. f4 Bb3 26. e5 Re8 27. Rf2
Raa8 28. Rd2 Nf8 29. Rd6 Kf7 30. Bh3 Re7 31. Re1 Ne6 32. Re2 Nc7 33. f5 Nd5 34.
Bd2 Rae8 35. e6+ Kf6 36. g4 h6 37. g5+ hxg5 38. Rxd5 g4 39. Bc3+ Kg5 40. Rde5
gxh3 41. Kh2 Kf4 42. Bd2+ Kg4 43. R2e4+ 1-0

[Event "25. Off. Württembergische Seniorenmst."]
[Site "Freudenstadt"]
[Date "2013.07.06"]
[Round "4.9"]
[White "Trefzer, Erhard"]
[Black "Ahlberg, Guenter"]
[Result "1/2-1/2"]
[WhiteElo "1941"]
[BlackElo "1897"]
[PlyCount "31"]
[EventDate "2013.??.??"]
[WhiteTeam "SV Besigheim"]
[BlackTeam "SG Weißensee 49 e.V."]

1. d4 c6 2. c4 d5 3. Nf3 Nf6 4. Nc3 dxc4 5. a4 a5 6. e4 Bg4 7. Bxc4 e6 8. Be3
Bb4 9. Qc2 Bxf3 10. gxf3 Nbd7 11. Rg1 g6 12. O-O-O Qc7 13. f4 O-O-O 14. Kb1
Bxc3 15. bxc3 c5 16. f3 1/2-1/2

[Event "25. Off. Württembergische Seniorenmst."]
[Site "Freudenstadt"]
[Date "2013.07.06"]
[Round "4.10"]
[White "Just, Gabriele"]
[Black "Schmid, Hartmut"]
[Result "1/2-1/2"]
[WhiteElo "1791"]
[BlackElo "2049"]
[PlyCount "47"]
[EventDate "2013.??.??"]
[WhiteTeam "SG Leipzig"]
[BlackTeam "Stuttgarter SF 1879"]

1. d4 d5 2. Nf3 Nf6 3. Bg5 c6 4. Nbd2 Bf5 5. Bxf6 exf6 6. e3 Qb6 7. Nh4 Bg6 8.
Rb1 Nd7 9. Nxg6 hxg6 10. Bd3 Qc7 11. h3 f5 12. c4 Nf6 13. b4 Be7 14. Qb3 Rd8
15. c5 f4 16. Be2 a6 17. a4 O-O 18. O-O Rfe8 19. b5 axb5 20. axb5 Bf8 21. Rfe1
fxe3 22. fxe3 Qg3 23. Nf1 Qh4 24. Bf3 1/2-1/2

[Event "25. Off. Württembergische Seniorenmst."]
[Site "Freudenstadt"]
[Date "2013.07.06"]
[Round "4.11"]
[White "Kluger, Hans-Peter"]
[Black "Schmid, Eugen"]
[Result "1/2-1/2"]
[WhiteElo "1770"]
[BlackElo "1942"]
[PlyCount "117"]
[EventDate "2013.??.??"]
[WhiteTeam "SF Fallersleben"]
[BlackTeam "SV Herrenberg e.V."]

1. e4 e6 2. Nf3 d5 3. e5 c5 4. Bb5+ Bd7 5. Qe2 a6 6. Bxd7+ Qxd7 7. d4 Nc6 8. c3
c4 9. b4 cxb3 10. axb3 Nh6 11. Bg5 Nf5 12. O-O h6 13. Bd2 Be7 14. Na3 O-O 15.
g4 Nh4 16. Nc2 Nxf3+ 17. Qxf3 f6 18. exf6 Bxf6 19. Qh3 e5 20. dxe5 Nxe5 21. f3
Nd3 22. Rad1 Nc5 23. b4 Ne6 24. f4 Qc6 25. Qd3 Rad8 26. Rf3 Qc4 27. Qe3 Qe4 28.
Qd3 Qxd3 29. Rxd3 d4 30. c4 a5 31. bxa5 Nc5 32. Rf3 Ne4 33. Bb4 Rfe8 34. Rfd3
Nc3 35. Bxc3 dxc3 36. Kf2 Rxd3 37. Rxd3 Re4 38. Kf3 Rxc4 39. Rd7 Ra4 40. Ke3
Rxa5 41. Rxb7 Rd5 42. Nb4 Rd2 43. Rc7 Rxh2 44. Ke4 Rd2 45. Kf5 Kh7 46. g5 hxg5
47. fxg5 Rf2+ 48. Ke6 Bxg5 49. Rxc3 Bd2 50. Rh3+ Kg6 51. Nd3 Re2+ 52. Ne5+ Kg5
53. Rg3+ Kf4 54. Rf3+ Ke4 55. Rg3 g5 56. Rg4+ Bf4 57. Nf7 Kf3+ 58. Kf5 Ra2 59.
Nxg5+ 1/2-1/2

[Event "25. Off. Württembergische Seniorenmst."]
[Site "Freudenstadt"]
[Date "2013.07.06"]
[Round "4.12"]
[White "Cichy, Michael"]
[Black "Jaeger, Hans-Ulrich"]
[Result "1-0"]
[WhiteElo "1934"]
[BlackElo "1795"]
[PlyCount "74"]
[EventDate "2013.??.??"]
[WhiteTeam "SC Braunschweig Gliesmarode v. 1"]
[BlackTeam "SC Sillenbuch"]

1. d4 Nf6 2. Nf3 d5 3. c4 e6 4. Nc3 c5 5. cxd5 exd5 6. g3 Ne4 7. Bg2 cxd4 8.
Nxd4 Bc5 9. O-O O-O 10. Nxe4 dxe4 11. Nb3 Qe7 12. Nxc5 Qxc5 13. Bxe4 Nc6 14.
Be3 Qe5 15. Qc2 Bh3 16. Rfe1 f5 17. Bg2 Bxg2 18. Kxg2 Qd5+ 19. f3 Rae8 20. Qc5
Qe6 21. Bf2 Rd8 22. Qc3 a5 23. a3 a4 24. Qe3 Qb3 25. Qxb3+ axb3 26. Rad1 Ne5
27. Bd4 Nc4 28. Kf2 Rfe8 29. e3 Rc8 30. Bc3 Nxa3 31. Rd7 Nb5 32. Bxg7 Rc2+ 33.
Re2 Rec8 34. Be5 Nc3 35. Bxc3 b5 36. Rd1 Rc4 37. Rxc2 b4 1-0